000 00276nam a22001217a 4500
008 170601b xxu||||| |||| 00| 0 eng d
041 _aeng
080 _a94(6)
100 _a17
101 _aSHH
245 _aREFORMING AFRICAA INSTITUTIONS
_cKAYZITI.S
942 _2udc
_cBK
999 _c15481
_d15481